Mexico's Maquiladora expansion during the 1990s (Registro nro. 34476)
[ vista simple ]
| 000 -CABECERA | |
|---|---|
| Longitud fija campo de control | 01015naa a2200289 c 4500 |
| 001 - NÚMERO DE CONTROL | |
| Número de control | 34476 |
| 003 - IDENTIFICADOR DE NÚMERO DE CONTROL | |
| Identificador del número de control | ES-MaCES |
| 005 - FECHA Y HORA DE LA ÚLTIMA TRANSACCIÓN | |
| Fecha y hora de la última transacción | 20150925135238.0 |
| 008 - CAMPO FIJO DE DESCRIPCIÓN FIJA--INFORMACIÓN GENERAL | |
| Códigos de información de longitud fija | 041203n2004 xxk t 000 | eng d |
| 035 ## - NÚMERO DE CONTROL DEL SISTEMA | |
| Número de control del sistema | CES20040007579v |
| 040 ## - FUENTE DE CATALOGACIÓN | |
| Centro catalogador de origen | ES-MaCES |
| Lengua de catalogación | spa |
| Centro transcriptor | ES-MaCES |
| 100 1# - ENCABEZAMIENTO PRINCIPAL--NOMBRE PERSONAL | |
| Nombre de persona | Hernández, Pablo |
| 9 (RLIN) | 14651 |
| 245 10 - MENCIÓN DE TÍTULO | |
| Título | Mexico's Maquiladora expansion during the 1990s |
| Resto del título | : an environmental assessment |
| Mención de responsabilidad, etc. | Pablo Hernández |
| 500 ## - NOTA GENERAL | |
| Nota general | Resumen |
| 504 ## - NOTA DE BIBLIOGRAFÍA, ETC. | |
| Nota de bibliografía, etc. | Bibliografía: p. 185 |
| 650 #4 - ASIENTO SECUNDARIO DE MATERIA--TÉRMINO DE MATERIA | |
| Término de materia o nombre geográfico como elemento inicial | 1990-1999 |
| 9 (RLIN) | 30874 |
| 650 #4 - ASIENTO SECUNDARIO DE MATERIA--TÉRMINO DE MATERIA | |
| Término de materia o nombre geográfico como elemento inicial | México |
| 9 (RLIN) | 26884 |
| 650 #4 - ASIENTO SECUNDARIO DE MATERIA--TÉRMINO DE MATERIA | |
| Término de materia o nombre geográfico como elemento inicial | comercio internacional |
| 9 (RLIN) | 27958 |
| 650 #4 - ASIENTO SECUNDARIO DE MATERIA--TÉRMINO DE MATERIA | |
| Término de materia o nombre geográfico como elemento inicial | crecimiento económico |
| 9 (RLIN) | 27094 |
| 650 #4 - ASIENTO SECUNDARIO DE MATERIA--TÉRMINO DE MATERIA | |
| Término de materia o nombre geográfico como elemento inicial | zona franca de exportación |
| 9 (RLIN) | 29533 |
| 653 10 - TÉRMINO DE INDEXACIÓN--NO CONTROLADO | |
| Término no controlado | Comercio internacional |
| 650 #4 - ASIENTO SECUNDARIO DE MATERIA--TÉRMINO DE MATERIA | |
| 9 (RLIN) | 30344 |
| Término de materia o nombre geográfico como elemento inicial | evaluación del impacto ambiental |
| 773 0# - ENTRADA DE DOCUMENTO FUENTE | |
| Título | Ecological economics |
| Parte(s) relacionada(s) | vol. 49, no. 2 (June 2004){10288 R. 057434}; p. 163-185 |
| Número de control del registro relacionado | (ES-MaCES)25300 |
| Itemnumber del ítem fuente | 48989 |
| 902 ## - CES. TIPO DE DOCUMENTO | |
| Tipodoc (006$c Sirtex) | ART Artículo de revista |
| 942 ## - ELEMENTOS KOHA | |
| Fuente de clasificaión o esquema | Clasificación propia del CES |
| Koha [por defecto] tipo de item | Artículos (1982-2017) |
| Parte de clasificación | 0.0. |
No hay ítems disponibles.
